000 00988cam a22003253a 4500
001 0000717
003 DO-SdBNP
005 20170918102910.0
007 0000717
008 861112 1999 sp abc 000 0 spa d
010 _a
020 _a8421632701
040 _aBPMSU
_cspa
_dBPMSU
_d
082 4 _aR 912
_bS483a, 1998
100 1 _aSeret, G.
245 1 0 _aAtlas geográfico universal /
_cG. Seret, L. Swysen ; adaptación para la versión española M. Núñez Fresneda ; traducción M. Martínez Solimán
250 _a2a. ed.
260 _aMadrid :
_bBruño,
_c1999.
300 _a128 p. :
_bil., mapas, retratos
_c33 cm.
500 _aIncluye índice de topónimos.
600 _a
_x
650 4 _aGEOGRAFÍA
_xATLAS
700 1 2 _aSwysen, L.
700 1 2 _aNúñez Fresneda, M.
700 1 2 _aMartínez Solimán, M.
_etrad.
910 _aValidado. Control de calidad MFF
942 _2ddc
_cBK
945 _aInventariado, 2017/MFF
956 _2YLOCKWARD
_310
_8BPMSU
999 _c11545
_d11545